Name a valid answer - Men's tennis - Statistics

General Stats
  • This quiz has been taken 82 times
  • The average score is 5 of 6
Answer Stats
Hint # Answer % Correct
A player that has won a grand slam under the age of 20 6 Becker | Wilander | Borg | Chang | Nadal | Alcaraz
100%
A player that has won more 20 or more grand slams 3 Federer | Nadal | Djokovic
100%
A city to have hosted the ATP Finals 15 Tokyo | Paris | Barcelona | Boston | Melbourne | Stockholm | Houston | New York | Frankfurt | Hannover | Lisbon | Sydney | Shanghai | London | Turin
94%
A player that had more than 10000 aces in their career 5 Isner | Karlovic | Federer | Lopez | Ivanisevic
93%
A masters 1000 that is played on clay 3 Madrid | Rome | Montecarlo
82%
Excluding Federer, Nadal and Djokovic, a player tho have won a grand slam over the age of 33 2 Rosewall | Pancho Gonzales
25%
No matching quizzes found
Score Distribution
Percent of People with Each Score
Percentile by Number Answered
Your Score History
You have not taken this quiz